000 00544nam a2200205Ia 4500
005 20250923150009.0
008 008 250917s9999 xx 000 0 eng d
037 _aTextual
040 _aDSWL
_beng
_cDSWL
041 _aeng
_2eng
084 _aY:4.2, N98
_qDSWL
100 _aSharma, R.K.
_9841126
245 0 _aSocial disorganisation
_c by R.K. Sharma
260 _aNew Delhi
_bAtlantic
_c1998
300 _a371 p.
365 _aINR
_b395.00
925 _g395.00
942 _cTEXL
_hY:4.2, N98
999 _c1458319
_d1458319